|
|
|
|
| LEADER |
00851nam a2200205 a 4500 |
| 001 |
12240048 |
| 008 |
100118r20011979ii a b 001 0 eng d |
| 040 |
|
|
|a ISM
|c ISM
|d CLA
|d BD-DhAAL
|
| 082 |
0 |
0 |
|a 332/.0954
|2 21
|
| 100 |
1 |
|
|a Shekhar, K. C
|
| 245 |
1 |
0 |
|a Banking theory and practice :
|b (incorporating banking law and foreign exchange) /
|c K.C. Shekhar and Lekshmy Shekhar.
|
| 260 |
|
|
|a New Delhi :
|b Vikas Publishing House,
|c 1979 [reprinted 2001].
|
| 300 |
|
|
|a xix, 870 p. :
|b ill. ;
|c 22 cm.
|
| 504 |
|
|
|a Includes bibliographies and index.
|
| 541 |
1 |
|
|e 00011217
|
| 650 |
|
0 |
|a Banks and banking
|z India.
|
| 700 |
1 |
|
|a Shekhar, Lekshmy.
|
| 852 |
4 |
|
|a Ayesha Abed Library
|j General shelf
|
| 999 |
|
|
|c 7042
|d 7042
|
| 952 |
|
|
|0 0
|1 0
|2 ddc
|4 0
|6 332_095400000000000_SHE_2001
|7 0
|9 7305
|a BRACUL
|b BRACUL
|c GEN
|d 2010-01-19
|l 0
|o 332.0954 SHE
|p 3010011217
|r 2010-01-19
|t 1
|w 2010-01-19
|y BK
|